000 00407nam a22001697a 4500
003 MPLRDC
005 20220104113652.0
008 210129b ||||| |||| 00| 0 eng d
082 _a427.11 YAM-2 v.3
100 _a方任利莎编辑
245 _a方太世界
_c
250 _a初版
260 _a香港
_bZYC HOLDING LTD
_c1990
300 _b98
650 _a中菜食谱
942 _cBK
_o427.11 YAM-2 v.3
999 _c1425
_d1415